Normal view
MARC view
Entry Topical Term
001 - CONTROL NUMBER
- control field: 2329
003 - CONTROL NUMBER IDENTIFIER
- control field: OSt
005 - DATE AND TIME OF LATEST TRANSACTION
- control field: 20211105132307.0
008 - FIXED-LENGTH DATA ELEMENTS
- fixed length control field: 211105|| aca||aabn | a|a d
040 ## - CATALOGING SOURCE
- Original cataloging agency: OSt
- Transcribing agency: OSt
150 ## - HEADING--TOPICAL TERM
- Topical term or geographic name entry element: Unified Field Equations
670 ## - SOURCE DATA FOUND
- Source citation: Work cat.: (OSt): Levi-Civita, Tullio 2328, A simplified presentation of einstein's unified field equations